000 00347nam a22001457a 4500
003 OSt
005 20160727222348.0
008 160621b xxu||||| |||| 00| 0 eng d
040 _cTest
100 _9304
_aMiller, M. R
245 _aGrandma Ellen and Me
260 _aCanada
_b Pacific Press
_c2000
300 _aGrandma Ellen and Me
942 _2ddc
_cBK
999 _c247
_d247